التنقيب الجيوكيميائي : (Record no. 15043)
[ view plain ]
| 000 -الفاتح | |
|---|---|
| حقل البيانات ثابتة الطول | 01742nam a22003617a 4500 |
| 003 - محدد رقم الضبط | |
| رقم الضبط | EG-ScBUE |
| 005 - وقت وتاريخ اخر تعامل مع التسجيلة | |
| رقم الضبط | 20211102101015.0 |
| 008 - عناصر البيانات ثابتة الطول - معلومات عامة | |
| حقل البيانات ثابتة الطول | 110330s2011 ua a f b 000 0 ara d |
| 017 ## - رقم الإيداع القانونى | |
| رقم الإيداع القانونى | 2010 / 20256 |
| 020 ## - الرقم الدولى المعيارى للكتب | |
| الرقم الدولى المعيارى للكتاب | 9789773503531 |
| 040 ## - مصدر الفهرسة | |
| وكالة الفهرسة الأصلية | EG-ScBUE |
| لغة الفهرسة | ara |
| قواعد الوصف | rda |
| وكالة النسخ | EG-ScBUE |
| وكالة التعديل | EG-ScBUE |
| 082 04 - رقم تصنيف ديوى العشرى | |
| رقم التصنيف | 622.18282 |
| رقم المادة | س ل ي |
| رقم الطبعة | 22 |
| 100 1# - المدخل الرئيسى - إسم شخصى | |
| 9 (RLIN) | 22047 |
| الإسم الشخصى | سليمان ، مصطفى محمود، |
| الدور | مؤلف. |
| 245 12 - بيان العنوان | |
| العنوان | التنقيب الجيوكيميائي : |
| بقية العنوان | عن الثروات المعدنية والبترول : ولماذا يوجد هذا الكم الهائل من البترول في الشرق الأوسط ؟ / |
| بيان المسئوليه,etc | تأليف أستاذ دكتور مصطفى محمود سليمان، أستاذ الجيولوجيا بالجامعة البريطانية في مصر والرئيس الأسبق لقسم الجيولوجيا بجامعتي الزقازيق وصنعاء. |
| 250 ## - بيان الطبعة | |
| بيان الطبعة | الطبعة الأولى. |
| 264 #1 - النشر، التوزيع | |
| مكان الناشر او الموزع | القاهرة : |
| اسم الناشر او الموزع | دار الكتاب الحديث، |
| تاريخ النشر أو التوزيع | 2011. |
| 300 ## - الوصف المادى | |
| التعداد | 759 صفحة : |
| تفاصيل ماديه اخرى للوعاء | إيضاحيات ؛ |
| أبعاد الوعاء | 25 سم. |
| 336 ## - نوع المحتوى | |
| source | rdacontent |
| Carrier Type Term | نص |
| Content Type Code | txt |
| 337 ## - نوع الوسيط | |
| source | rdamedia |
| Media Type Term | بدون وسيط |
| Media Type Code | n |
| 338 ## - نوع الحامل أو الناقل | |
| source | rdacarrier |
| Carrier Type Term | مجلد |
| Carrier Type Code | nc |
| 490 0# - بيان السلسلة | |
| عنوان السلسلة | علوم الأرض |
| 504 ## - تبصرة ببليوجرافية | |
| تبصرة ببليوجرافية,الخ | يشتمل على إرجاعات ببليوجرافية. |
| 541 ## - تبصرة المصدر المباشر للتزويد | |
| طريقة التزويد | إهداء ؛ |
| مصدر التزويد | أ. فريدة خميس. |
| 650 #7 - المدخل الاضافى بالموضوع-مصطلح موضوعى | |
| 9 (RLIN) | 22719 |
| مصطلح موضوعي أو اسم جغرافي كعنصر مدخل | البترول |
| التقسيم الفرعي العام | التنقيب عن. |
| مصدر الرأس أو المصطلح | BUEsh |
| 650 #7 - المدخل الاضافى بالموضوع-مصطلح موضوعى | |
| 9 (RLIN) | 22720 |
| مصطلح موضوعي أو اسم جغرافي كعنصر مدخل | المعادن |
| التقسيم الفرعي العام | التنقيب عن. |
| مصدر الرأس أو المصطلح | BUEsh |
| 650 #7 - المدخل الاضافى بالموضوع-مصطلح موضوعى | |
| 9 (RLIN) | 22059 |
| مصطلح موضوعي أو اسم جغرافي كعنصر مدخل | الثروة المعدنية. |
| مصدر الرأس أو المصطلح | BUEsh |
| 650 #7 - المدخل الاضافى بالموضوع-مصطلح موضوعى | |
| 9 (RLIN) | 22722 |
| مصطلح موضوعي أو اسم جغرافي كعنصر مدخل | المناجم. |
| مصدر الرأس أو المصطلح | BUEsh |
| 650 #7 - المدخل الاضافى بالموضوع-مصطلح موضوعى | |
| 9 (RLIN) | 22724 |
| مصطلح موضوعي أو اسم جغرافي كعنصر مدخل | البترول. |
| مصدر الرأس أو المصطلح | BUEsh |
| 651 ## - المدخل الاضافى بالموضوع - اسم جغرافى | |
| مصدر الرأس أو المصطلح | BUEsh |
| 653 ## - مصطلح تكشيفى غير مقيد | |
| Resource For college | Engineering, Petroleum |
| Arrived date list | November2021 |
| 655 ## - مصطلح تكشيفى-نوع/شكل | |
| التقسيم الفرعي الشكلي | Reading book |
| -- | 34232 |
| 942 ## - عناصر المدخل الإضافي( كوها) | |
| مصدر التصنيف او مخطط الترفيف | Dewey Decimal Classification |
| Koha [default] item type | NB - Book (Non borrowing) |
| حالة التراجع | حالة الفقد | مصدر التصنيف او خطة الترفيف | حالة تلف | ليس للاعارة | مجموعات كوها | المكان الدائم | المكان الحالي | موقع الترفيف | تاريخ الاكتساب | Source of acquisition | سعر الشراء الطبيعي | تعداد مسلسل / التسلسل الزمني | رقم الاستدعاء | الباركود | Date last seen | نوع الوعاء | مُعار |
|---|---|---|---|---|---|---|---|---|---|---|---|---|---|---|---|---|---|
| Dewey Decimal Classification | Central Library | Central Library | First floor | 30/03/2011 | 150.00 | 1 | 622.18282 س ل ي | 000023090 | 15/07/2025 | NB - Book (Non borrowing) | |||||||
| Dewey Decimal Classification | Central Library | Central Library | First floor | 30/03/2011 | 150.00 | 1 | 622.18282 س ل ي | 000023091 | 15/07/2025 | Book - Borrowing | 12/12/2011 | ||||||
| Dewey Decimal Classification | Central Library | Central Library | First floor | 30/03/2011 | 150.00 | 1 | 622.18282 س ل ي | 000023092 | 15/07/2025 | Book - Borrowing | |||||||
| Dewey Decimal Classification | Central Library | Central Library | First floor | 30/03/2011 | Purchase | 150.00 | 1 | 622.18282 س ل ي | 000023093 | 15/07/2025 | Book - Borrowing | ||||||
| Dewey Decimal Classification | Central Library | Central Library | First floor | 30/03/2011 | 150.00 | 1 | 622.18282 س ل ي | 000023094 | 15/07/2025 | Book - Borrowing | 14/02/2017 | ||||||
| Dewey Decimal Classification | Central Library | Central Library | First floor | 30/03/2011 | 150.00 | 1 | 622.18282 س ل ي | 000023095 | 15/07/2025 | Book - Borrowing | |||||||
| Dewey Decimal Classification | Central Library | Central Library | First floor | 30/03/2011 | 150.00 | 1 | 622.18282 س ل ي | 000023097 | 15/07/2025 | Book - Borrowing | |||||||
| Dewey Decimal Classification | Central Library | Central Library | First floor | 30/03/2011 | 150.00 | 1 | 622.18282 س ل ي | 000023096 | 15/07/2025 | Book - Borrowing | |||||||
| Dewey Decimal Classification | Central Library | Central Library | First floor | 30/03/2011 | 150.00 | 1 | 622.18282 س ل ي | 000023098 | 15/07/2025 | Book - Borrowing | |||||||
| Dewey Decimal Classification | Central Library | Central Library | First floor | 30/03/2011 | 150.00 | 1 | 622.18282 س ل ي | 000023099 | 15/07/2025 | Book - Borrowing | |||||||
| Dewey Decimal Classification | Donation-Gift | Central Library | Central Library | First floor | 02/11/2021 | Donation | 622.18282 س ل ي | 000050923 | 15/07/2025 | NB - Book (Non borrowing) |